01744naa a2200265 i 4500001000400000003000400004005001700008008003900025040000800064041001300072044000800085080001100093080001300104100018000117245019200297260001000489500002100499520030100520650001100821650003600832655003000868773034800898711011501246711011701361BPPBPK20180220143041.0141212s2012 pl f |100 0 pol cBPK apolbeng aPOL a621.97 a519.7/.8 aBUDNIAK, Zbigniew.d1996 - .bPolitechnika Koszalińska - Wydział Mechaniczny,cKatedra Inżynierii Mechanicznej - Zakład Teorii Mechanizmów i Podstaw Konstrukcji Maszyn aThe modelling and analysis of MES of the press for the adhesive bonding of window frames =bMedelowanie i analiza MES prasy do klejenia ram okiennych /cEmil Byczkowski, Zbigniew Budniak. c2012. aDane z autopsji. aW artykule zaprezentowano wykorzystanie możliwości współczesnych systemów CAD/CAE do modelowania i badań symulacyjnych prasy do klejenia ram okiennych. Analizę wytrzymałościową przeprowadzono metodą elementów skończonych MES. Wyniki tych analiz przedstawiono na wykresach. aPrasy. 0aProjektowanie - oprogramowanie. 0aMateriały konferencyjne. iW :tMateriały IX Konferencji Studentów i Młodych Pracowników Nauki Wydziału Mechanicznego oraz V Ogólnopolskiej Konferencji Studenckich Kół Naukowych Uczelni Technicznych : XXXIV Tydzień Kultury Studenckiej / pod red. Marka Fligla, Leona Kukiełki. -dKoszalin : Wydaw. Uczelniane Politechniki Koszalińskiej, 2012. -gs. 29-36 aOgólnopolska Konferencja Studenckich Kół Naukowych Uczelni Technicznychn(5 ;d2012 ;cKoszalin, Polska). aKonferencja Studentów i Młodych Pracowników Nauki Wydziału Mechanicznegon(9 ;d2012 ;cKoszalin, Polska).